• 首页
  • 本馆介绍
  • 公告通知
  • 最新文献
  • 馆藏检索
  • 电子资源
  • 读者荐购
  • 参考咨询
  • CALIS
  • 我的图书馆
  • 登录
  • 详细信息显示
  • 放入我的书架
  • 预约/预借图书
  • 作者相关作品
  • 分类相关作品
  • 丛书相关作品
  • 出版社相关作品

书目信息

  • 表格格式
  • 工作单格式
  • 卡片格式
题名:
建筑工程合同管理实用大全
    
 
作者: 成虎 编著
分册:  
出版信息: 北京   中国建筑工业出版社  1999.08
页数: 410页
开本: 16开
丛书名:
单 册:
中图分类: TU723.1
科图分类:
主题词: 建筑工程--施工组织 , 建筑工程--施工计划
电子资源:
ISBN: 7-112-03946-0
 
 
 
 
 
000 00630nam0 2200205 45
001 0006211667
005 20001210150313.3
010    @a7-112-03946-0@d33.00元
100    @a20000621d1999 km y0chiy0120 ea
101 0  @achi
105    @a z 000yy
200 1  @a建筑工程合同管理实用大全@AJian Zhu Gong Cheng He Tong Guan Li Shi Yong Da Quan@f成虎编著@FCheng Hu BianZhu
210    @a北京@c中国建筑工业出版社@d1999.08
215    @a410页@d16开
606 0  @a建筑工程@x施工组织
606 0  @a建筑工程@x施工计划
690    @aTU723.1@v3
701  0 @a成虎@4编著
801    @aCN@bPftUser@c20000621
905    @dTU723.1@eCH.580@b303270-274@f5
    
    建筑工程合同管理实用大全/成虎编著.-北京:中国建筑工业出版社,1999.08
    410页;16开
    
    
    ISBN 7-112-03946-0:33.00元
    
●
相关链接 在E读中查询图书 在当当中查询图书 在豆瓣中查询图书


正题名:建筑工程合同管理实用大全     索取号:TU723.1/CH.580         预约/预借

序号 登录号 条形码 馆藏地/架位号 状态 备注
1 303270   203032707   建筑库201/404自科库 3排4列3层/ [索取号:TU723.1/CH.580] 在馆    
2 303271   203032716   能源与建筑环境工程学院资料室/404自科库 3排4列3层/ [索取号:TU723.1/CH.580] 在馆    
3 303272   203032725   建筑库201/404自科库 3排4列3层/ [索取号:TU723.1/CH.580] 在馆    
4 303273   203032734   建筑库201/404自科库 3排4列3层/ [索取号:TU723.1/CH.580] 在馆    
5 303274   203032743   建筑库201/404自科库 3排4列3层/ [索取号:TU723.1/CH.580] 在馆    
河南城建学院图书馆 欢迎您!
大连网信软件有限公司© 版权所有